000 00823cab a2200253 4500
001 ABS44903
008 090401t1991 xxu||||| |||| 00| 0 eng d
035 _a(Sirsi) u49808
041 _aeng
100 _aIlbery, B.
245 _aUptake of the Farm Diversification Grant Scheme in England
260 _c1991
350 _a0
490 _aGeography
_v76 (3) July 1991, 259-263(5)
520 _aExamines the pattern of uptake in England during the first two years of the Farm Diversification Grant Scheme . Findings show that only just over one per cent of all significant holdings have been attracted.
650 _aALTERNATIVE ENTERPRISES
650 _aDIVERSIFICATION
650 _aFARMING
650 _aGRANTS
690 _aRURAL PRACTICE
700 _aStiell, B.
942 _n0
948 _c04/03/1997
999 _c31190
_d31190